000 01083nam a22002417a 4500
005 20170405155959.0
008 140714b xxu||||| |||| 00| 0 Urdu d
010 _aUR-8674 B-665874
020 q _c350.00
020 _c9789350731840
035 _aU-7229 B-665874
037 _bDBAD/Pub.
040 _aDPL
_bUrdu
082 _a270.54
100 _aمحمد علی حسينی
245 _a‎تا ر يچ ا سلا مکے مسچ کر د ہ حقا ءق کا بھر پو ر جا يزہ ا و ر حقيقت کا ا نکشا ف
_cمحمد علی حسينی
246 _aTarikh-e- Islam ke maskh karda Haqaiqka Bharpoor jaiza aur Haqiqat ka Inkashaf
_bBy Hafiz syed Mohd.Ali Husaini
260 _aد ھلی
_bEducational Publishing House
_c2013
270 _a3108,Vakeel Street,Kucha Pandit,Lal Kuan
_b.Delhi
_e110006
300 _a328ص
_c22Cm (Hb)
942 _2ddc
_cUR
_e
_h270.54
_mم ح م
999 _c91836
_d91836